[Event "Challenge"]
[Site "http://www.queenalice.com/game.php?id=1447469"]
[Date "2016.11.2"]
[Round "-"]
[White "ErnestoED"]
[Black "NetoJA"]
[Result "0-1"]
[WhiteElo "1468"]
[BlackElo "1473"]

1. e4 d6 2. Bb5+ c6 3. Bc4 Nf6 4. Nf3 g6 5. Nc3 Bg7 6. d4 O-O 7. Bf4 c5 8. Bb5
Qa5 9. Ba4 Nxe4 10. Bg5 Nxc3 11. Qd2 Qxa4 12. O-O Ne4 0-1

[Event "BOLT III"]
[Site "http://www.queenalice.com/game.php?id=1451673"]
[Date "2016.11.24"]
[Round "-"]
[White "rogeriooliveira"]
[Black "ErnestoED"]
[Result "1-0"]
[WhiteElo "1360"]
[BlackElo "1257"]

1. e4 e5 2. Nf3 Nf6 3. Nc3 Nc6 4. Bb5 Nd4 5. Nd5 Bb4 6. c3 Bc5 7. O-O Ng4 8. Ne3
Nxe3 9. fxe3 Nxb5 10. a4 Nd6 11. Qe1 Nxe4 12. d3 Nf6 13. d4 1-0

[Event "AUTO-OPEN-3736"]
[Site "http://www.queenalice.com/game.php?id=1453431"]
[Date "2016.12.5"]
[Round "1"]
[White "sallesandre88"]
[Black "ErnestoED"]
[Result "1-0"]
[WhiteElo "2114"]
[BlackElo "1363"]

1. e4 e5 2. Bc4 Qf6 3. Nf3 Bc5 4. Nc3 Nc6 5. Nd5 Qd6 6. Ng5 f6 7. Nf3 g5 8. d3
Na5 9. a3 c6 10. Ne3 h5 11. Nf5 Bxf2+ 12. Kxf2 b5 13. Nxd6+ Kf8 14. Bxg8 Ba6 15.
Nxg5 Rxg8 16. Qxh5 Rxg5 17. Qf7# 1-0

[Event "AUTO-OPEN-3736"]
[Site "http://www.queenalice.com/game.php?id=1453432"]
[Date "2016.12.5"]
[Round "1"]
[White "ErnestoED"]
[Black "sallesandre88"]
[Result "0-1"]
[WhiteElo "1363"]
[BlackElo "2113"]

1. e4 e6 2. Nf3 d5 3. Bb5+ Bd7 4. a4 Bxb5 5. axb5 dxe4 6. Ne5 Qd4 7. Nd3 Nf6 8.
O-O exd3 9. Ra3 Bxa3 10. c3 Qd5 11. Nxa3 h5 12. Qa4 O-O 13. Nc4 Nbd7 14. Ne3 Qg5
15. Qc4 Ne5 16. Qxc7 b6 17. Nc4 Nfg4 18. Nd6 Nf3+ 19. gxf3 Ne3+ 20. Kh1 Qg2# 0-1

[Event "AUTO-OPEN-3736"]
[Site "http://www.queenalice.com/game.php?id=1453456"]
[Date "2016.12.5"]
[Round "1"]
[White "ErnestoED"]
[Black "attachui"]
[Result "0-1"]
[WhiteElo "1338"]
[BlackElo "1835"]

1. e4 c5 2. Nf3 d6 3. Bc4 e6 4. Bb5+ Nc6 5. Qe2 a6 6. Bxc6+ bxc6 7. O-O Bb7 8.
a4 d5 9. Ne5 Bd6 10. Ng4 Nf6 11. Ra3 Nxe4 12. Rb3 Rb8 13. f3 Nf6 14. Ne3 c4 15.
Nxc4 dxc4 16. Re3 Bc5 17. Nc3 O-O 18. b4 cxb3 19. Ba3 Bxa3 20. Rd3 Nd5 0-1

[Event "AUTO-OPEN-3736"]
[Site "http://www.queenalice.com/game.php?id=1453471"]
[Date "2016.12.5"]
[Round "1"]
[White "ErnestoED"]
[Black "nuage"]
[Result "0-1"]
[WhiteElo "1374"]
[BlackElo "1690"]

1. e4 e5 2. Bc4 Nf6 3. Bxf7+ Kxf7 4. Qf3 Bc5 5. c3 Re8 6. Nh3 Kg8 7. O-O d6 8.
d4 exd4 9. a4 Nxe4 10. Bg5 Nxg5 11. Qd5+ Nf7 12. Ng5 Qxg5 13. Qxg5 Nxg5 0-1

[Event "AUTO-OPEN-3736"]
[Site "http://www.queenalice.com/game.php?id=1453472"]
[Date "2016.12.5"]
[Round "1"]
[White "nuage"]
[Black "ErnestoED"]
[Result "1-0"]
[WhiteElo "1693"]
[BlackElo "1368"]

1. Nf3 Nf6 2. g3 e5 3. d3 Bc5 4. Bg2 Ng4 5. Nbd2 Bxf2+ 6. Kf1 Bc5 7. Ne4 Be3 8.
Qe1 Bf2 9. Nxf2 f5 10. Nxg4 fxg4 11. Nxe5 Qf6+ 12. Bf4 a5 13. Qc3 Nc6 14. Kf2
1-0

[Event "Chess II"]
[Site "http://www.queenalice.com/game.php?id=1500104"]
[Date "2017.10.23"]
[Round "1"]
[White "ErnestoED"]
[Black "Ivacir"]
[Result "0-1"]
[WhiteElo "1224"]
[BlackElo "2116"]

1. e4 c5 2. Bc4 e6 3. Nf3 a6 4. d4 cxd4 5. Nxd4 Qc7 6. Nd2 Nf6 7. Qf3 Bc5 8.
N2b3 Bxd4 9. Nxd4 Qxc4 10. Ne2 Qxe4 11. Bg5 Qxf3 12. gxf3 Nd5 13. O-O-O h6 0-1

[Event "OS INCLIVES"]
[Site "http://www.queenalice.com/game.php?id=1501677"]
[Date "2017.11.2"]
[Round "-"]
[White "adelio"]
[Black "ErnestoED"]
[Result "0-1"]
[WhiteElo "1494"]
[BlackElo "1222"]

1. d4 e5 2. dxe5 Bb4+ 3. c3 Bc5 4. Be3 d6 5. Nf3 Nc6 6. b4 Bb6 7. Bxb6 axb6 8.
Nbd2 dxe5 9. e4 Ra3 10. Qc2 Nxb4 11. cxb4 Rd3 12. Bxd3 Be6 13. O-O-O Nf6 14.
Nxe5 Qd4 15. Qa4+ Nd7 16. Qa8+ Ke7 17. Qxh8 Nxe5 18. Bb1 Qc3+ 19. Bc2 Nd3+ 20.
Kb1 Qb2# 0-1

[Event "OS INCLIVEIS"]
[Site "http://www.queenalice.com/game.php?id=1501678"]
[Date "2017.11.2"]
[Round "-"]
[White "ErnestoED"]
[Black "adelio"]
[Result "0-1"]
[WhiteElo "1249"]
[BlackElo "1552"]

1. e4 a6 2. Bc4 e6 3. Nf3 b5 4. Bb3 c5 5. d4 d6 6. e5 c4 7. Ng5 g6 8. Qf3 Ra7 9.
Nxf7 Rxf7 10. Bf4 cxb3 11. Nc3 bxc2 12. O-O Bb7 13. Qg4 Bc8 14. Rfe1 h5 15. Qxg6
Bh6 16. Re4 Ne7 17. Qxh5 Nf5 18. Qg6 d5 19. Re2 Bxf4 20. Rxc2 Bxh2+ 21. Kf1 Ne3+
22. Ke2 Nxc2 23. Rd1 Nxd4+ 24. Rxd4 Bxe5 25. Rg4 d4 26. Re4 Nc6 27. g3 d3+ 28.
Kd1 d2 29. Ke2 Bxc3 30. Rxe6+ Ne7 31. Qe4 d1=Q+ 32. Ke3 Q8d2# 0-1